000 00604nam a2200217 a 4500
005 20140310183458.0
008 091203s19uu xx 00 eng d
020 _a978075066594
050 _aTX 911
_b.T56 2009
100 _aTimothy, Dallen
245 _aTourism and the lodging sector /
_cDallen Timothy.
260 _aAmsterdam :
_bButterworth-Heinemmann,
_c2009.
300 _a270 p. :
_c24 cm.
521 _aTOU
650 _aHotels.
650 _aTourist camps, hostels, etc.
650 _aTourism.
650 _aHospitality industry.
700 _aTeye, Victor B.
942 _cBK
_2lcc
_kFOR
999 _c23769
_d23769